00506nam a22001817a 450000500170000001000140001702000260003102000230005703500130008003700130009308200080010610000240011424500680013826000330020627000420023930000290028165000140031020100804155746.0 aENG-98056 a9788184300598c250.00 a818430059Xc250.00 aEN-81589 bDBAD/PUB a921 aMishra, Vinod Kumar aAlbert Einsten :bthe life of a genius /cby Vinod Kumar Mishra aNew DelhibOcean Booksc2008 a4/19 Asaf Ali RoadbNew Delhie110002 a220p.c22cm (Hb)ephotos aBiography